ছোটদের স্বাস্থ্য / (Record no. 4311)
[ view plain ]
| 000 -LEADER | |
|---|---|
| fixed length control field | 00675nam a2200217 a 4500 |
| 001 - CONTROL NUMBER | |
| JCCL Control Number | 4311 |
| 003 - CONTROL NUMBER IDENTIFIER | |
| JCCL marc code | BD-JhCC |
| 005 - DATE AND TIME OF LATEST TRANSACTION | |
| control field | 20171126094932.0 |
| 008 - FIXED-LENGTH DATA ELEMENTS--GENERAL INFORMATION | |
| fixed length control field | 171126s2008 bg a|||| |||| 000 0 ben d |
| 020 ## - INTERNATIONAL STANDARD BOOK NUMBER | |
| International Standard Book Number | 9847000601438 |
| 035 ## - SYSTEM CONTROL NUMBER | |
| system control number | (BD-JhCC) 4311 |
| 040 ## - CATALOGING SOURCE | |
| Original cataloging agency | BD-JhCC |
| Modifying agency | BD-JhCC |
| 041 ## - LANGUAGE CODE | |
| Language code of Book | ben |
| 082 ## - DEWEY DECIMAL CLASSIFICATION NUMBER | |
| Classification number | 618.92 |
| Author mark and Year | CHO 2008 |
| 245 ## - TITLE STATEMENT | |
| Title | ছোটদের স্বাস্থ্য / |
| Statement of responsibility, etc | ডা. প্রণব কুমার চৌধুরী |
| 260 ## - PUBLICATION, DISTRIBUTION, ETC. (IMPRINT) | |
| Place of publication, distribution, etc | ঢাকা : |
| Name of publisher, distributor, etc | আগামী প্রকাশনী, |
| Date of publication, distribution, etc | ২০০৮. |
| 300 ## - PHYSICAL DESCRIPTION | |
| Pagination | ২১৬ পৃ. : |
| Dimensions | ২২ সেমি. |
| Other physical details | ill. ; |
| 650 ## - SUBJECT ADDED ENTRY--TOPICAL TERM | |
| Topical term or geographic name as entry element | Child health |
| 942 ## - ADDED ENTRY ELEMENTS (KOHA) | |
| Source of classification or shelving scheme | Dewey Decimal Classification |
| Koha item type | Books |
| Source of classification or shelving scheme | Damaged status | Not for loan | Home library | Current library | Shelving location | Date of accession | Source of acquisition | Cost, normal purchase price | Total Checkouts | Full call number | Barcode | Date last seen | Copy number | Koha item type |
|---|---|---|---|---|---|---|---|---|---|---|---|---|---|---|
| Dewey Decimal Classification | JCC Rouf Library | JCC Rouf Library | General Stacks | 11/26/2017 | Zahedee Foundation | 280.00 | 618.92 CHO 2008 | 6227 | 11/26/2017 | C-1 | Books |